Fuenteovejuna

Guardat en:
Dades bibliogràfiques
Autor principal: Vega, Lope de (Autor)
Format: Llibre
Idioma:espanyol
Publicat: Buenos Aires Losada 1968
Edició:2a. ed
Col·lecció:Biblioteca Clásica y Contemporánea
Matèries:
Etiquetes: Afegir etiqueta
Sense etiquetes, Sigues el primer a etiquetar aquest registre!

MARC

LEADER 00000nam a2200000 a 4500
001 UCH6749
003 CL-VaPUC
008 091109e19680000AG |||||||||||||||||spa|d
082 0 4 |a 862  |b VEG  |2 21 
100 0 |a Vega, Lope de  |e author  |9 319628 
245 1 0 |a Fuenteovejuna 
246 1 0 |a Peribáñez y el comendador de Ocaña 
246 1 3 |a El mejor alcalde el rey 
250 |a 2a. ed 
300 |a 223 p 
942 |c BK 
945 |d 20091109 00:00:00  |a lazolas 
260 |a Buenos Aires  |b Losada  |c 1968 
650 0 |a Teatro español  |9 265077 
583 |a last modification  |c 20091109 00:00:00  |k Rodrigo Vera 
490 0 |a Biblioteca Clásica y Contemporánea 
999 |c 337577  |d 337575